Govt. of
Madhya Pradesh

Environmental Geography (Record no. 66450)

MARC details
000 -LEADER
fixed length control field 00257nam a22001097a 4500
082 ## - DEWEY DECIMAL CLASSIFICATION NUMBER
Classification number 333
100 ## - MAIN ENTRY--AUTHOR NAME
Personal name Singh, Savindra
245 ## - TITLE STATEMENT
Title Environmental Geography
260 ## - PUBLICATION, DISTRIBUTION, ETC. (IMPRINT)
Place of publication Allahabad
Name of publisher Pravalika publications
Year of publication 2018
650 ## - SUBJECT ADDED ENTRY--TOPICAL TERM
Topical Term Environment
942 ## - ADDED ENTRY ELEMENTS (KOHA)
Koha item type Books
Holdings
Withdrawn status Lost status Damaged status Not for loan Home library Current library Date acquired Cost, normal purchase price Full call number Accession Number Price effective from Koha item type
        MACL MACL 23/12/2023 495.00 333 DPI001839 23/12/2023 Books